A volta ao mundo em oitenta contos (Registo nº 1606)

Detalhes MARC
000 -Etiqueta do registo
Cabeçalho 00975nam a22003131 4500
005 - Identificador da versão
Campo de controlo 20240813121911.0
010 ## - Número internacional normalizado dos livros (ISBN)
Número (ISBN) 9727703011
021 ## - Número do Depósito Legal
Código do país PT
Número E-3366/04
100 ## - Dados gerais de processamento
Dados gerais de processamento 20070629d2005 cday0pory5003 ba
102 ## - Pais de publicação ou produção
País de publicação Portugal
101 1# - Língua de publicação
Língua do texto, banda sonora, etc. Português
Língua do documento no original Espanhol
106 ## - Campo de dados codificados: material textual
Dados codificados do material textual r
105 ## - Campo de dados codificados: livros
Dados codificados dos livros a z 001fy
215 ## - Descrição física 
Indicação específica da natureza do documento e extensão da espécie 141 p.
Outras indicações físicas muito il.
Dimensões 31 cm
200 1# - Titulo e menção de responsabilidade
Título próprio A volta ao mundo em oitenta contos
Primeira menção de responsabilidade texto de Albert Jané
Outras menções de responsabilidade il. Judit Morales, Adrià Gòdia
-- trad. André Gonçalves
205 ## - Menção da edição
Menção da edição 1ª ed.
210 ## - Publicação, Distribuição, etc. 
Lugar da edição, distribuição, etc. Lisboa
Nome do editor, distribuidor, etc. Plátano
Data da publicação, distribuição, etc. 2005
304 ## - Notas relativas a título e menção de responsabilidade 
Texto da nota Tít. orig.: La vuelta al mundo en ochenta cuentos
606 ## - Nome comum usado como assunto
Número de registo de entrada de autoridade 0000015
Palavra de ordem Literatura estrangeira infanto-juvenil
Subdivisão de assunto Conto
675 ## - Classificação Decimal Universal (CDU)
Notação 82-34
Edição
Língua da edição por
702 #1 - Nome de autor-pessoa física (responsabilidade secundária)
Número de registo de entrada de autoridade 0000034
Palavra de ordem Morales
Outra parte do nome não tomada para palavra de ordem Judit
Código de função Ilustrador / Técnico de desenho computorizado
Número de registo de entrada de autoridade 0000035
Palavra de ordem Gòdia
Outra parte do nome não tomada para palavra de ordem Adrià
Código de função Ilustrador / Técnico de desenho computorizado
Número de registo de entrada de autoridade 0000036
Palavra de ordem Gonçalves
Outra parte do nome não tomada para palavra de ordem André
Código de função Tradutor
700 #1 - Nome de autor-pessoa física (responsabilidade principal)
Número de registo de entrada de autoridade 0000033
Palavra de ordem Jané
Outra parte do nome não tomada para palavra de ordem Albert
942 ## - Elementos de entrada adicionados (Koha)
Tipo de item no Koha Livro
Exemplares
Situação do levantamento Origin of item (home branch) (coded) Biblioteca de empréstimo Código de barras Cota Circulation type (not for loan) Tipo de documento Nota do exemplar Damaged status
  Biblioteca Escolar da Coca Maravilhas Biblioteca Escolar da Coca Maravilhas BECM7794 8EST JAN   Livro Sem mensagem